000
00357nam a2200145Ia 4500
008
191206s9999 xx 000 0 und d
020
_a
0385243332 :
090
_a
PR6057.O75
245
0
_a
Hoodwink
250
_a
1st ed.
260
_a
Published for the Crime Club by Doubleday
260
_c
cc1988
300
_a
185 p. ; 22 cm.
999
_c
16174
_d
16174